Democratic Presidential Candidates - Statistics

General Stats
  • This quiz has been taken 16 times
  • The average score is 42 of 50
Answer Stats
Year VP Result Candidate % Correct
2000 Joe Lieberman Lost Al Gore
100%
2008 Joe Biden Won Barack Obama
100%
2012 Joe Biden Won Barack Obama
100%
1992 Al Gore Won Bill Clinton
100%
1996 Al Gore Won Bill Clinton
100%
1932 John Nance Garner Won Franklin D. Roosevelt
100%
1936 John Nance Garner Won Franklin D. Roosevelt
100%
1940 Henry A. Wallace Won Franklin D. Roosevelt
100%
1944 Harry S. Truman Won Franklin D. Roosevelt
100%
1972 Sargent Shriver Lost George McGovern
100%
2016 Tim Kaine Lost Hillary Clinton
100%
1976 Walter Mondale Won Jimmy Carter
100%
1980 Walter Mondale Lost Jimmy Carter
100%
2020 Kamala Harris Won Joe Biden
100%
1960 Lyndon B. Johnson Won John F. Kennedy
100%
2004 John Edwards Lost John Kerry
100%
2024 Tim Walz Lost Kamala Harris
100%
1964 Hubert Humpherey Won Lyndon B. Johnson
100%
1988 Lloyd Bentsen Lost Michael Dukakis
100%
1984 Geraldine Ferraro Lost Walter Mondale
100%
1956 Estes Kefauver Lost Adlai Stevenson II
93%
1892 Adlai Stevenson I Won Grover Cleveland
93%
1948 Alben W. Barkley Won Harry S. Truman
93%
1968 Edmund Muskie Lost Hubert Humphrey
93%
1912 Thomas R. Marshall Won Woodrow Wilson
93%
1916 Thomas R. Marshall Won Woodrow Wilson
93%
1952 John Sparkman Lost Adlai Stevenson II
87%
1832 Martin Van Buren Won Andrew Jackson
87%
1884 Thomas A. Hendricks Won Grover Cleveland
87%
1888 Allen G. Thurman Lost Grover Cleveland
87%
1928 Joseph T. Robinson Lost Al Smith
80%
1828 John C. Calhoun Won Andrew Jackson
80%
1852 William R. King Won Franklin Pierce
80%
1856 John C. Breckinridge Won James Buchanan
80%
1844 George M. Dallas Won James K. Polk
80%
1836 Richard M. Johnson Won Martin Van Buren
80%
1896 Arthur Sewall Lost William Jennings Bryan
80%
1900 Adlai Stevenson I Lost William Jennings Bryan
80%
1860 Herschel V. Johnston Lost Stephen A. Douglas
73%
1908 John W. Kern Lost William Jennings Bryan
73%
1864 George H. Pendleton Lost George B. McClellan
60%
1920 Franklin D. Roosevelt Lost James M. Cox
60%
1876 Thomas A. Hendricks Lost Samuel J. Tilden
60%
1840 None Lost Martin Van Buren
53%
1904 Henry G. Davis Lost Alton B. Parker
47%
1872 Benjamin Gratz Brown Lost Horace Greeley
47%
1868 Francis Preston Blair Jr. Lost Horatio Seymour
47%
1924 Charles W. Bryan Lost John W. Davis
47%
1880 William H. English Lost Winfield Scott Hancock
47%
1848 William O. Butler Lost Lewis Cass
40%
No matching quizzes found
Score Distribution
Percent of People with Each Score
Percentile by Number Answered
Your Score History
You have not taken this quiz